| 000 | 00764cam a2200253 4500 | ||
|---|---|---|---|
| 001 | J646 | ||
| 008 | 090401t1992 xxu||||| |||| 00| 0 eng d | ||
| 035 | _a(Sirsi) u76015 | ||
| 041 | _aeng | ||
| 050 | _a692.8 | ||
| 100 | _aHughes, W.P. | ||
| 245 | 3 | _aAn analysis of the JCT design & build contract. | |
| 260 |
_aAscot, Berks. _bChartered Institute of Building _c1992 |
||
| 300 | _a6p. ; 30cm. | ||
| 350 | _a3.5 | ||
| 490 |
_aConstruction Papers _v6 |
||
| 650 | _aBUILT ENVIRONMENT-BUILDING CONTRACT FORMS | ||
| 650 | _aEMPLOYERS AGENT | ||
| 650 | _aJCT STANDARD FORM OF CONTRACT WITH CONTRACTORS DESIGN | ||
| 690 | _aBUILT ENVIRONMENT-BUILDING CONTRACT FORMS | ||
| 710 |
_aChartered Institute of Building _92134 |
||
| 942 | _n0 | ||
| 948 | _c04/03/1997 | ||
| 999 |
_c96108 _d96108 |
||